00269nam a22000977a 450000500170000000800410001702000180005804100080007608000110008424500760009520160212043123.0091209s2011 nyua b 001 0 eng  a97800733804520 aeng a621.3810aMicroelectronic circuit design /cRichard C. Jaeger, Travis N. Blalock.